A profitable booke of Maister Iohn Perkins : felow of the inner temple treating the lawes of Englande.

Bibliographic Details
Main Author: Perkins, John, d. 1545
Format: eBook
Language:Romance (Other)
Published: [Imprinted at London] : Apud Richardum Totell, [1567]
Series:Early English books online.
Subjects:
Online Access:Connect to the full text of this electronic book

MARC

Tag First Indicator Second Indicator Subfields
LEADER 00000nam a2200000 4500
001 in00004224521
005 20200806100031.0
006 m g d
007 cr bn |||a|bb|
008 910426s1567 enk o 00| | roa d
035 |a (UnM)99842167 
037 |a CL0036000019  |b ProQuest. 789 E. Eisenhower Parkway, Ann Arbor, MI 48108-3218 
040 |a Cu-RivES  |c Cu-RivES  |d CStRLIN  |e dcrb  |d WaOLN 
100 1 |a Perkins, John,  |d d. 1545. 
240 1 0 |a Perutilis tractatus 
245 0 2 |a A profitable booke of Maister Iohn Perkins :  |b felow of the inner temple treating the lawes of Englande. 
246 2 |a Perutilis tractatus. 
246 2 |a Profitable booke of Maister John Perkins. 
260 |a [Imprinted at London] :  |b Apud Richardum Totell,  |c [1567] 
300 |a 1 online resource ([20], 168 leaves 
336 |a text  |b txt  |2 rdacontent 
337 |a computer  |b c  |2 rdamedia 
338 |a online resource  |b cr  |2 rdacarrier 
500 |a An edition of: Perkins, John. Incipit perutilis tractatus magistri Johannis Parkins. 
500 |a Title page reads: "A PROFITABLE #5FD booke ..". 
500 |a Text in Law French. 
500 |a Place of publication and publication date from STC. 
500 |a Identified as STC 19635a on UMI microfilm. 
500 |a Identified as STC 19635.2 in Folger catalogue. 
500 |a Some print show-through. 
500 |a Reproductions of the originals in the Folger Shakespeare Library. 
510 4 |a STC (2nd edition)  |c 19635. 
533 |a Electronic reproduction.  |b Ann Arbor, Mich. :  |c UMI,  |d 1999-  |f (Early English books online)  |n Digital version of: (Early English books, 1475-1640 ; 662:01)  |7 s1999 miun s 
650 0 |a Law  |z Great Britain  |v Early works to 1800. 
650 0 |a Conveyancing  |z Great Britain  |v Early works to 1800. 
830 0 |a Early English books online. 
856 4 0 |u http://proxy.library.tamu.edu/login?url=https://search.proquest.com/docview/2240917681  |z Connect to the full text of this electronic book  |t 0 
999 f f |s 7f2becbe-7b86-3a5e-a37b-ddd8d4a43231  |i 5180df8b-440b-3033-9151-af38f08a93cd  |t 0 
952 f f |a Texas A&M University  |b College Station  |c Electronic Resources  |d Available Online  |t 0  |h No information provided 
998 f f |t 0  |l Available Online